| 000 | 00846cam a2200265Ia 4500 | ||
|---|---|---|---|
| 001 | 49982 | ||
| 005 | 20230410103844.0 | ||
| 008 | 071003s2007 ko a 000 0 eng d | ||
| 035 | _a(OCoLC)ocn173623503 | ||
| 040 |
_aHKP _cHKP _dDRFGD |
||
| 020 | _a9788990693204 (pbk.) | ||
| 020 | _a8990693209 (pbk.) | ||
| 035 | _a(OCoLC)173623503 | ||
| 050 | 1 | 4 |
_a409 DS 925 _bT784 2007 |
| 049 | _aGRAL | ||
| 245 | 0 | 0 |
_aTreasures of Gyeongju : _bsplendor of Korea's golden age. |
| 260 |
_a[Gyeongju City] : _bGyeongju City, _cc2007. |
||
| 300 |
_a256 p. : _bill. ; _c24 cm. |
||
| 651 | 0 |
_aKyaongju-si (Korea) _xHistory. |
|
| 651 | 0 |
_aKyéongju-si (Korea) _xDescription and travel. |
|
| 856 |
_3Mas?... busque en WorldCat (solo desde FUNGLODE) _uhttp://www.firstsearch.oclc.org/fsip. |
||
| 942 |
_2lcc _cbk |
||
| 946 | _almminaya | ||
| 994 |
_aC0 _bDRFGD |
||
| 999 |
_c27156 _d27156 |
||